书目信息 |
| 题名: |
肯定是你
|
|
| 作者: | 施瓦茨, 著 ;王薇 译 | |
| 分册: | ||
| 出版信息: | 哈尔滨 哈尔滨出版社 2004 |
|
| 页数: | 261页 | |
| 开本: | 24cm | |
| 丛书名: | ||
| 单 册: | ||
| 中图分类: | F452.268 | |
| 科图分类: | ||
| 主题词: | 食品工业--工业--企业管理--经验--瑞士 | |
| 电子资源: | ||
| ISBN: | 7-80699-003-8 | |
| 000 | 00953nam0 2200253 450 | |
| 001 | 192004004157 | |
| 005 | 20070905100119.73 | |
| 010 | @a7-80699-003-8@dCNY29.80 | |
| 100 | @a20070602d2004 km y0chiy0121 ea | |
| 101 | 1 | @achi@cger |
| 102 | @aCN@b230000 | |
| 105 | @ay z 000yy | |
| 200 | 1 | @a肯定是你@Aken ding shi ni@e雀巢缔造者的经营理念@f(德) 弗里德海姆·施瓦茨著@g王薇译 |
| 210 | @a哈尔滨@c哈尔滨出版社@d2004 | |
| 215 | @a261页@d24cm | |
| 300 | @a其他题名:雀巢缔造者的经营理念 | |
| 330 | @a这是一本关于雀巢企业文化的书,介绍了食品工业巨人雀巢独特的经营理念、富有成效的管理方法、深入人心的品牌形象,以及雀巢在菲律宾的经营范例等。 | |
| 517 | 1 | @a雀巢缔造者的经营理念@Aque chao di zao zhe de jing ying li nian |
| 606 | 0 | @a食品工业@x工业@x企业管理@x经验@y瑞士 |
| 690 | @aF452.268@v4 | |
| 701 | 1 | @a施瓦茨,@Ashi wa ci,@bF.@g(Schwarz, Friedhelm)@e德@4著 |
| 702 | 0 | @a王薇@Awang wei@4译 |
| 801 | 0 | @aCN@c20070905 |
| 905 | @dF452.268@eS500 | |
| 肯定是你:雀巢缔造者的经营理念/(德) 弗里德海姆·施瓦茨著/王薇译.-哈尔滨:哈尔滨出版社,2004 |
| 261页;24cm |
| 其他题名:雀巢缔造者的经营理念 |
| ISBN 7-80699-003-8:CNY29.80 |
| 这是一本关于雀巢企业文化的书,介绍了食品工业巨人雀巢独特的经营理念、富有成效的管理方法、深入人心的品牌形象,以及雀巢在菲律宾的经营范例等。 |
| ● |
| 相关链接 |
|
|
|
正题名:肯定是你
索取号:F452.268/S500
 
预约/预借
| 序号 | 登录号 | 条形码 | 馆藏地/架位号 | 状态 | 备注 |
| 1 | 618077 | 206180773 | 社科二线422/422社科库 12排1列2层/ [索取号:F452.268/S500] | 在馆 | |
| 2 | 618078 | 206180782 | 社科二线422/409社科库 37排3列2层/ [索取号:F452.268/S500] | 在馆 | |
| 3 | 618079 | 206180791 | 社科库409/409社科库 37排3列2层/ [索取号:F452.268/S500] | 在馆 |